000 00279 a2200145 4500
001 160270
020 _a
040 _cMagnum
100 _aCibiac, Branda
240 1 0 _aO gamba cuica
_lpor
245 1 0 _aO gamba cuica
362 0 _a1899
697 _aI/ANIMAIS
942 _cBK
999 _c160270
_d160270